00679nam a22001937a 450000500170000001000300001702000260004703500130007303500130008603700320009903700130013108200100014410000170015424501080017126000830027927000520036230000210041450000500043520180307150313.0 aBAC-EN21 ENG-111853  a9789325977808c350.00 aEN-95385 aB-665094 bPrakashan Sansthan/Venadpl bDBAD/PUB a651.7 aHolden, Greg aBusiness reports for busy people : cby Greg Holdenbtimesaving, ready-touse reports for any occasion/ aNew DelhibWide Canvas (an imprint of Vikas Publishing House Pvt. Ltd.) c2014 a576, Masjit Road, Jangpura, bNew Delhie110014 a285p.c24cm(pbk) aIncludes bibliographical references and index